000 00976nam a22002651u 4500
001 12278
003 HDC
007 cr bn ---
008 210209p2003 my eng
040 _aHDC
100 _aAbidin Hamid,
_eauthor
_912668
245 0 _aStatus of aflatoxin contamination in groundnut from five districts in Perak /
_cby Abidin Hamid, Mohd. Rosni Sulaiman and Hazniza Adnan
260 _aSerdang :
_bMalaysian Agricultural Research and Development Institute (MARDI),
_c2003
300 _a2 pages
336 _atext
_2rdacontent
337 _acomputer
_2rdamedia
338 _aonline resource
_2rdacarrier
650 _aAflatoxin
_912669
650 _aAspergillus flavus group
_912799
650 _aGroundnut
_912798
856 _zRequest full-text at [email protected]
942 _2lcc
942 _cAR
942 _kJART 003069
999 _c9601
_d9601